| 000 | 00927nam a22003017a 4500 | ||
|---|---|---|---|
| 003 | CHAP | ||
| 005 | 20220817043924.0 | ||
| 008 | 040119d2001 it rn 00110 eng d | ||
| 010 | _a87977 | ||
| 011 | _a88949 | ||
| 035 | _a99498 | ||
| 040 | _cCHAP | ||
| 082 | 0 | 4 |
_a639.2 _bF46 v.657 |
| 110 | 2 | _aFAO | |
| 245 | 1 | 0 |
_aReport of the FAO workshop on the assessment of small pelagic fish off Northwest Africa _c/by FAO. |
| 260 |
_aRome : _bFAO, _c2001. |
||
| 300 |
_a133 p. : _bgráfs. |
||
| 490 | 0 |
_aFAO. Informe de pesca _v; 657 |
|
| 590 |
_aBATCH-UPD _b10 _c20130110 _lUCH01 _h1044 |
||
| 590 |
_aCONVERSION _b10 _c20130109 _lUCH01 _h1349 |
||
| 650 | 1 | 4 |
_aPesca _xAfrica. _987354 |
| 650 | 1 | 4 |
_aRecursos marinos _xAfrica. _995144 |
| 830 | 0 |
_aFAO. Informe de pesca _v; 657 _939587 |
|
| 901 | _aBK | ||
| 905 | _aMayto Villalobos S. | ||
| 942 | _cLIBRO | ||
| 949 |
_a639.2 F46 v.657 _bBC _cFAO _d33724000913380 _eFAO1 _h104223 _i99498 _sb |
||
| 999 |
_c87977 _d87977 |
||